00518pam a2200157 a 4500020000500000041000500005082001300010100001400023245005200037250001100089260004400100300000800144930000900152999001900161952018000180 c h a658bRED aReddy, Sk aHow To Start An Ngo In IndiahTextual Documents a1st ed aAhmednagarbNavnarendra Prakashanc2012 a280 a6385 c113213d113213 00102ddc4070aAKSbAKScMSW Libraryd2013-03-30eBharati Madhyavarti Sahakari Grahakbhandar Limitedg875.00l0o658 REDpAKS-W-03889r2023-03-01 00:00:00t1w2023-03-01yBK